[Event "Sampa Chess Open - Local Piso Superior (ao lado da Renner) às 19h00"]
[Site "Shopping Metrô Tatuapé - Rua Domingos Agostim, 91, São Paulo/SP 03306-010"]
[Date "2024.02.01"]
[Round "5"]
[Board "23"]
[White "Navarro, Gustavo Kazuo Yura"]
[Black "Cruz, Natan Gomes"]
[Result "0-1"]
[WhiteElo "1800"]
[BlackElo "1888"]
[PlyCount "64"]
[EventDate "2024.01.29"]
[EventRounds "9"]
[EventCountry "BRA"]

1. e4 c6 2. d3 d5 3. Nd2 dxe4 4. dxe4 g6 5. g3 Bg7 6. Bg2 Nf6 7. Ngf3 O-O 8. O-O
Nbd7 9. Re1 Qc7 10. c3 Nc5 11. Qc2 Rd8 12. Nb3 Nd3 13. Rd1 Nxc1 14. Raxc1 Re8 15.
h3 a5 16. Nbd4 e5 17. Ne2 a4 18. b3 axb3 19. axb3 Be6 20. Ng5 Bd7 21. Ra1 h6 22.
Nf3 Bf8 23. c4 Bc5 24. b4 Rxa1 25. Rxa1 Bxb4 26. Rb1 Bc5 27. Qb2 Bc8 28. Rd1 Nxe4
29. Qc1 Nxf2 30. Kf1 Nxd1 31. Qxd1 e4 32. Nfd4 Rd8  0-1

[Event "Sampa Chess Open - Local Piso Superior (ao lado da Renner) às 19h00"]
[Site "Shopping Metrô Tatuapé - Rua Domingos Agostim, 91, São Paulo/SP 03306-010"]
[Date "2024.02.01"]
[Round "5"]
[Board "24"]
[White "Blanco, Gustavo Jose Bachur"]
[Black "Moreira, Paulo Vinicius Macedo"]
[Result "0-1"]
[WhiteElo "1491"]
[BlackElo "1711"]
[PlyCount "80"]
[EventDate "2024.01.29"]
[EventRounds "9"]
[EventCountry "BRA"]

1. e4 d5 2. exd5 Nf6 3. d4 Nxd5 4. c4 Nb6 5. c5 Nd5 6. Bc4 g6 7. Qf3 c6 8. Nc3 Be6
9. Nh3 Nc7 10. Bxe6 Nxe6 11. d5 Nd4 12. Qe4 Bg7 13. d6 Ne6 14. Be3 exd6 15. Qb4 Qd7
16. Ne4 dxc5 17. Bxc5 Na6 18. Nd6+ Qxd6 19. Qxb7 Rb8 20. Qxa6 Qxc5 21. O-O O-O 22.
Rac1 Qb6 23. Qa4 c5 24. Rc4 Qb5 25. Qc2 Nd4 26. Qd3 Qxb2 27. Rxc5 Qxa2 28. Ng5 Ne6
29. Nxe6 Qxe6 30. g3 Rb3 31. Qc2 Rb2 32. Qa4 Ra2 33. Qh4 Qb6 34. Rfc1 Qb2 35. R1c2
Qxc2 36. Rxc2 Rxc2 37. Qa4 Rb2 38. Qxa7 Rd8 39. h4 Bd4 40. Qa5 Bxf2+  0-1

[Event "Sampa Chess Open - Local Piso Superior (ao lado da Renner) às 19h00"]
[Site "Shopping Metrô Tatuapé - Rua Domingos Agostim, 91, São Paulo/SP 03306-010"]
[Date "2024.02.01"]
[Round "5"]
[Board "25"]
[White "Melian, Juan Sebastian"]
[Black "Correa, Joao Pedro Vieira"]
[Result "1-0"]
[WhiteElo "2238"]
[BlackElo "1864"]
[PlyCount "77"]
[EventDate "2024.01.29"]
[EventRounds "9"]
[EventCountry "BRA"]

1. d4 Nf6 2. c4 e6 3. Nf3 d5 4. g3 Nc6 5. Nbd2 Bd6 6. Bg2 O-O 7. O-O Re8 8. Qc2 dxc4
9. Nxc4 e5 10. dxe5 Nxe5 11. Nxd6 Qxd6 12. Bf4 Qc6 13. Qb3 Nxf3+ 14. Bxf3 Qd7 15.
Rfd1 Qe7 16. Rac1 c6 17. Bd6 Qe6 18. Qa3 Qh3 19. Bg2 Qh5 20. e3 Ng4 21. h3 Nf6 22.
Rd4 Qf5 23. Bf4 h6 24. b3 g5 25. Bd6 Ne4 26. Qb2 Nxd6 27. Rxd6 Be6 28. Rcd1 Qg6 29.
Qd4 Qg7 30. Qb4 Rab8 31. Qa5 a6 32. R1d4 Qf6 33. e4 Kg7 34. Qd2 Rbc8 35. f4 Rc7 36.
f5 c5 37. Rc4 Bxc4 38. Rxf6 Kxf6 39. Qd6+  1-0

[Event "Sampa Chess Open - Local Piso Superior (ao lado da Renner) às 19h00"]
[Site "Shopping Metrô Tatuapé - Rua Domingos Agostim, 91, São Paulo/SP 03306-010"]
[Date "2024.02.01"]
[Round "5"]
[Board "26"]
[White "Terao, Juliana Sayumi"]
[Black "Santos, Abel Cardoso Dos"]
[Result "1-0"]
[WhiteElo "2198"]
[BlackElo "1854"]
[PlyCount "75"]
[EventDate "2024.01.29"]
[EventRounds "9"]
[EventCountry "BRA"]

1. e4 e5 2. Nf3 Nc6 3. Bb5 a6 4. Ba4 Nf6 5. O-O Be7 6. Re1 b5 7. Bb3 d6 8. c3 Na5
9. Bc2 c5 10. h3 O-O 11. d4 cxd4 12. cxd4 Nc6 13. Nc3 Bd7 14. Be3 Rc8 15. Qe2 Re8
16. Rad1 Qc7 17. Bb1 h6 18. Nd5 Nxd5 19. exd5 Nxd4 20. Nxd4 exd4 21. Bxd4 Bf8 22.
Qd3 g6 23. Qg3 Kh7 24. Qf4 f5 25. g4 Rxe1+ 26. Rxe1 Qd8 27. gxf5 Qg5+ 28. Qxg5 hxg5
29. fxg6+ Kh6 30. Kg2 Re8 31. Rc1 Rc8 32. Rxc8 Bxc8 33. Kg3 Bg7 34. Bxg7+ Kxg7 35.
h4 gxh4+ 36. Kxh4 Kh6 37. f4 Bd7 38. b4  1-0

[Event "Sampa Chess Open - Local Piso Superior (ao lado da Renner) às 19h00"]
[Site "Shopping Metrô Tatuapé - Rua Domingos Agostim, 91, São Paulo/SP 03306-010"]
[Date "2024.02.01"]
[Round "5"]
[Board "27"]
[White "Deus Filho, Joaquim De"]
[Black "Saito, Vinicius"]
[Result "0-1"]
[WhiteElo "1848"]
[BlackElo "2147"]
[PlyCount "122"]
[EventDate "2024.01.29"]
[EventRounds "9"]
[EventCountry "BRA"]

1. e4 c5 2. Nc3 Nc6 3. g3 g6 4. Bg2 Bg7 5. d3 d6 6. Be3 Nf6 7. h3 Rb8 8. Qd2 b5 9.
Bh6 Bxh6 10. Qxh6 Nd4 11. Qd2 b4 12. Nd1 e5 13. c3 bxc3 14. bxc3 Ne6 15. Nf3 Qa5
16. O-O Ba6 17. Re1 O-O 18. Ne3 Rb6 19. Rab1 Rfb8 20. Rxb6 Qxb6 21. c4 Qb4 22. Re2
Bb7 23. h4 Bc6 24. Bh3 Qxd2 25. Rxd2 a5 26. Kf1 Nc7 27. Nd1 Na6 28. Rb2 Rxb2 29.
Nxb2 Nb4 30. a3 Nc2 31. a4 Nd4 32. Nxd4 cxd4 33. Bc8 Kf8 34. Ke2 Ke7 35. f3 Kd8 36.
Ba6 Nd7 37. Kd2 Nc5 38. Bb5 Bb7 39. Kc2 f5 40. Nd1 Bc8 41. Nb2 Ke7 42. Kd2 Kf6 43.
Ke2 h6 44. Kf2 g5 45. hxg5+ Kxg5 46. exf5 Bxf5 47. Ke2 h5 48. Bc6 h4 49. gxh4+ Kxh4
50. Bb5 Kg3 51. Bc6 Bg6 52. Bb5 Kf4 53. Bc6 Bf5 54. Bb5 Kg3 55. Bc6 Bc8 56. Nd1 Bb7
57. Bxb7 Nxb7 58. Nf2 Nc5 59. Nh1+ Kf4 60. Nf2 Nxa4 61. Ne4 Nc3+  0-1

[Event "Sampa Chess Open - Local Piso Superior (ao lado da Renner) às 19h00"]
[Site "Shopping Metrô Tatuapé - Rua Domingos Agostim, 91, São Paulo/SP 03306-010"]
[Date "2024.02.01"]
[Round "5"]
[Board "29"]
[White "Da Cunha, Gabriela Goes"]
[Black "Kropff, Ricardo"]
[Result "0-1"]
[WhiteElo "1837"]
[BlackElo "2052"]
[PlyCount "90"]
[EventDate "2024.01.29"]
[EventRounds "9"]
[EventCountry "BRA"]

1. d4 Nf6 2. Nf3 d5 3. c4 dxc4 4. e3 Bg4 5. Bxc4 e6 6. O-O a6 7. Be2 Nc6 8. a3 Bd6
9. Nbd2 O-O 10. b4 Qe8 11. Bb2 Rd8 12. h3 Bh5 13. Nc4 e5 14. Qe1 e4 15. Nfd2 Bg6
16. Nxd6 cxd6 17. Bc4 d5 18. Be2 Qe6 19. Nb3 b6 20. Bxa6 h5 21. Bb5 Ne7 22. Rc1 Bf5
23. Qe2 Rd6 24. Nc5 bxc5 25. dxc5 Rdd8 26. a4 Ng6 27. Bxf6 Qxf6 28. Qxh5 d4 29. exd4
Rxd4 30. Rc4 Nf4 31. Rxd4 Nxh5 32. Rd6 Qg5 33. Kh2 e3 34. fxe3 Be4 35. Rd2 Qg3+ 36.
Kg1 Qxe3+ 37. Rdf2 Nf4 38. Kh2 Bxg2 39. Rxf4 Qxh3+ 40. Kg1 Qg3 41. R1f2 Bf3+ 42.
Kf1 Qxf4 43. Kg1 Qg5+ 44. Kh2 Qh4+ 45. Kg1 Qh1#  0-1

[Event "Sampa Chess Open - Local Piso Superior (ao lado da Renner) às 19h00"]
[Site "Shopping Metrô Tatuapé - Rua Domingos Agostim, 91, São Paulo/SP 03306-010"]
[Date "2024.02.01"]
[Round "5"]
[Board "30"]
[White "Santanna, Paulo"]
[Black "Rigonati, Eduardo Enrico Santana"]
[Result "0-1"]
[WhiteElo "2021"]
[BlackElo "1827"]
[PlyCount "74"]
[EventDate "2024.01.29"]
[EventRounds "9"]
[EventCountry "BRA"]

1. d4 Nf6 2. Nc3 d6 3. e4 e5 4. Nf3 Nbd7 5. Rg1 c6 6. g4 Qa5 7. Qd3 exd4 8. Nxd4
Ne5 9. Qe2 Bxg4 10. Rxg4 Nexg4 11. Bd2 Qh5 12. O-O-O Qxh2 13. Ncb5 Qxf2 14. Nc7+
Kd7 15. Nxa8 Qxe2 16. Bxe2 Be7 17. Nf5 Rxa8 18. Nxg7 Nf2 19. Re1 N2xe4 20. Bf4 d5
21. c4 a6 22. cxd5 cxd5 23. Nf5 Bc5 24. Rd1 Rg8 25. Ne3 Ke6 26. Bf1 Bxe3+ 27. Bxe3
Rg3 28. Bf4 Rf3 29. Bc7 Nf2 30. Re1+ Kd7 31. Be5 N6g4 32. Bc3 h5 33. Be2 Rh3 34.
Bd4 Nd3+ 35. Bxd3 Rxd3 36. Bc3 Rf3 37. Bb4 h4  0-1

[Event "Sampa Chess Open - Local Piso Superior (ao lado da Renner) às 19h00"]
[Site "Shopping Metrô Tatuapé - Rua Domingos Agostim, 91, São Paulo/SP 03306-010"]
[Date "2024.02.01"]
[Round "5"]
[Board "31"]
[White "Silva, Juliana Figueira Theophilo"]
[Black "Santos, Isaque Goncalves"]
[Result "0-1"]
[WhiteElo "1747"]
[BlackElo "1996"]
[PlyCount "100"]
[EventDate "2024.01.29"]
[EventRounds "9"]
[EventCountry "BRA"]

1. d4 d5 2. c4 c6 3. Nc3 e6 4. e3 Nf6 5. Nf3 Bb4 6. Bd3 Nbd7 7. O-O O-O 8. Qc2 Re8
9. a3 Bf8 10. Rd1 h6 11. e4 dxe4 12. Nxe4 Nxe4 13. Bxe4 Nf6 14. Bd3 Qc7 15. b4 b6
16. Bb2 a5 17. Bc3 axb4 18. axb4 Bb7 19. Ne5 Rec8 20. Be2 Nh7 21. f4 Nf6 22. f5 exf5
23. Qxf5 Re8 24. Bd3 Rxa1 25. Rxa1 Bc8 26. Qf3 c5 27. bxc5 bxc5 28. Ba5 Qd6 29. Nc6
Bg4 30. Qg3 Qxc6 31. d5 Qd6 32. Qf2 Qe5 33. Re1 Qd4 34. Qxd4 Rxe1+ 35. Bxe1 cxd4
36. Ba5 Bc5 37. Kf2 Ne8 38. h3 Bh5 39. g4 Bg6 40. Bxg6 fxg6 41. Ke2 Kf7 42. Kd3 Ke7
43. Bd2 g5 44. Be1 Nf6 45. Bf2 Nd7 46. Bxd4 Bxd4 47. Kxd4 Kd6 48. Ke4 g6 49. Kd4
Nc5 50. Kc3 Ne4+  0-1

[Event "Sampa Chess Open - Local Piso Superior (ao lado da Renner) às 19h00"]
[Site "Shopping Metrô Tatuapé - Rua Domingos Agostim, 91, São Paulo/SP 03306-010"]
[Date "2024.02.01"]
[Round "5"]
[Board "32"]
[White "Lima, Hamilton Da Silva"]
[Black "Simeao, Miguel Roberto Ranieri"]
[Result "0-1"]
[WhiteElo "1778"]
[BlackElo "1962"]
[PlyCount "96"]
[EventDate "2024.01.29"]
[EventRounds "9"]
[EventCountry "BRA"]

1. e4 c6 2. d4 d5 3. Nd2 dxe4 4. Nxe4 Nf6 5. Nxf6+ exf6 6. Nf3 Bd6 7. Bd3 O-O 8.
Be3 Re8 9. Qd2 Be6 10. a3 Nd7 11. h4 h5 12. c4 a5 13. b3 Qe7 14. c5 Bc7 15. Qc2 Bd5
16. Be2 Qe6 17. Rb1 Be4 18. Bd3 Bxf3 19. gxf3 Bf4 20. Bf5 Qe7 21. Qe4 Qxe4 22. fxe4
Bxe3 23. fxe3 Nf8 24. Kd2 g6 25. Rhg1 Kh7 26. Bh3 Rxe4 27. Rbf1 Rxh4 28. Bg2 Kg7
29. Kd3 Rg4 30. Bf3 Rxg1 31. Rxg1 Kh6 32. Kc4 Ne6 33. e4 Ng5 34. Bh1 Re8 35. Re1
f5 36. e5 f6 37. b4 axb4 38. axb4 fxe5 39. Rxe5 Rxe5 40. dxe5 f4 41. b5 f3 42. bxc6
bxc6 43. Kb4 h4 44. Ka5 h3 45. e6 Kg7 46. Kb6 f2 47. Bxc6 Nxe6 48. Bd7 f1=Q  0-1

[Event "Sampa Chess Open - Local Piso Superior (ao lado da Renner) às 19h00"]
[Site "Shopping Metrô Tatuapé - Rua Domingos Agostim, 91, São Paulo/SP 03306-010"]
[Date "2024.02.01"]
[Round "5"]
[Board "33"]
[White "Carvalho Jr, Celestino"]
[Black "Dias, Clara"]
[Result "0-1"]
[WhiteElo "1939"]
[BlackElo "1717"]
[PlyCount "98"]
[EventDate "2024.01.29"]
[EventRounds "9"]
[EventCountry "BRA"]

1. e4 c5 2. c3 d5 3. e5 Nc6 4. d4 cxd4 5. cxd4 Bf5 6. a3 e6 7. Nc3 Nge7 8. Nb5 Nc8
9. Be3 Be7 10. b4 a5 11. bxa5 Qxa5+ 12. Bd2 Qb6 13. Nf3 O-O 14. Be2 N8a7 15. Nxa7
Rxa7 16. O-O Nxd4 17. Nxd4 Qxd4 18. Qc1 Qxe5 19. Bb5 d4 20. a4 Bd6 21. f4 Qf6 22.
Qe1 Raa8 23. Qe2 Qg6 24. Rac1 Rac8 25. Rfe1 Bc5 26. Kh1 Rfd8 27. h3 Qg3 28. Rf1 d3
29. Qe1 Qg6 30. Kh2 Qh5 31. Qg3 Bg6 32. Rfe1 Qd5 33. Re5 Qa2 34. Qe1 Bd4 35. Rg5
Rxc1 36. Qxc1 Qc2 37. Qe1 Rc8 38. f5 Bxf5 39. Bf4 Bc3 40. Qf1 d2 41. Be2 Bf6 42.
Bd1 Qc1 43. Rxf5 exf5 44. Qg1 Rd8 45. g3 Qc3 46. h4 Qd3 47. Qg2 Qe4 48. Qf2 Qe1 49.
Qb6 Qxd1  0-1

[Event "Sampa Chess Open - Local Piso Superior (ao lado da Renner) às 19h00"]
[Site "Shopping Metrô Tatuapé - Rua Domingos Agostim, 91, São Paulo/SP 03306-010"]
[Date "2024.02.01"]
[Round "5"]
[Board "34"]
[White "Usui, Gabriella Yumi"]
[Black "Bastos, Danillo Alves"]
[Result "0-1"]
[WhiteElo "1448"]
[BlackElo "1667"]
[PlyCount "88"]
[EventDate "2024.01.29"]
[EventRounds "9"]
[EventCountry "BRA"]

1. d4 d5 2. Nf3 Nf6 3. c4 e6 4. Nc3 Be7 5. e3 a6 6. a4 Nbd7 7. cxd5 exd5 8. Bd3 c6
9. Qc2 O-O 10. O-O Re8 11. Ne5 Nf8 12. h3 c5 13. dxc5 Bxc5 14. Nf3 Be6 15. Rd1 Rc8
16. Qb1 Qd7 17. Ne2 Bxh3 18. gxh3 Qxh3 19. Ng3 g6 20. Bf1 Qg4 21. Be2 Bxe3 22. Bxe3
Rxe3 23. Rd4 Ne4 24. Qf1 Rxf3 25. Bxf3 Qxf3 26. Qg2 Qf6 27. Rad1 Rc2 28. Nxe4 dxe4
29. b4 e3 30. Re4 Rxf2 31. Qg4 h5 32. Qh3 Rf3 33. Qh2 Qg5+ 34. Kh1 Qf5 35. Re5 Rf1+
36. Rxf1 Qxf1+ 37. Qg1 e2 38. Kh2 Qf4+ 39. Qg3 Qd2 40. Kg1 Ne6 41. Qf2 Qd1+ 42. Kh2
Qd6 43. Qg3 h4 44. Qe3 f6  0-1

[Event "Sampa Chess Open - Local Piso Superior (ao lado da Renner) às 19h00"]
[Site "Shopping Metrô Tatuapé - Rua Domingos Agostim, 91, São Paulo/SP 03306-010"]
[Date "2024.02.01"]
[Round "5"]
[Board "35"]
[White "Pittoli, Vinicius Eduardo Moreir"]
[Black "Regiani, Rafael"]
[Result "1/2-1/2"]
[WhiteElo "1648"]
[BlackElo "1476"]
[PlyCount "81"]
[EventDate "2024.01.29"]
[EventRounds "9"]
[EventCountry "BRA"]

1. e4 e5 2. Nf3 Nc6 3. Bc4 Nf6 4. d3 h6 5. c3 d5 6. exd5 Nxd5 7. h3 Nb6 8. Bb3 Bd6
9. Be3 O-O 10. O-O Qf6 11. Nbd2 Qg6 12. Nh4 Qxd3 13. Qh5 Qh7 14. Rac1 Be6 15. Bc2
f5 16. Ndf3 Nd5 17. Bb3 Rae8 18. Ng6 Rf6 19. Ngxe5 g6 20. Qh4 Nxe5 21. Nxe5 Bxe5
22. Bxd5 Bxd5 23. f4 Bxf4 24. Qxf4 Rfe6 25. Bd4 Re4 26. Qg3 Qf7 27. Rce1 b6 28. Rxe4
Rxe4 29. Re1 Rxe1+ 30. Qxe1 Qe6 31. Qg3 f4 32. Qxf4 Qe1+ 33. Kh2 Qe4 34. Qxe4 Bxe4
35. Be5 c6 36. g4 Kf7 37. Kg3 Ke6 38. Bg7 h5 39. gxh5 gxh5 40. Kf4 Bf5 41. h4  1/2-1/2

[Event "Sampa Chess Open - Local Piso Superior (ao lado da Renner) às 19h00"]
[Site "Shopping Metrô Tatuapé - Rua Domingos Agostim, 91, São Paulo/SP 03306-010"]
[Date "2024.02.01"]
[Round "5"]
[Board "37"]
[White "Re, Vinicius"]
[Black "Munhoz, Joao Pedro"]
[Result "0-1"]
[WhiteElo "1177"]
[BlackElo "1608"]
[PlyCount "74"]
[EventDate "2024.01.29"]
[EventRounds "9"]
[EventCountry "BRA"]

1. e4 c5 2. Nf3 Nc6 3. d4 cxd4 4. Nxd4 g6 5. Be3 Bg7 6. Nc3 Nf6 7. Bc4 O-O 8. O-O
d6 9. Nf3 Bg4 10. h3 Bxf3 11. Qxf3 Ne5 12. Qe2 Nxc4 13. Qxc4 Qa5 14. Rad1 Rfc8 15.
Qb3 Rc7 16. Nd5 Nxd5 17. Rxd5 Qa6 18. Rfd1 Qc4 19. Qxc4 Rxc4 20. c3 Rxe4 21. Bd4
Bxd4 22. R1xd4 Rxd4 23. Rxd4 Rc8 24. Rb4 Rc7 25. Re4 e6 26. c4 Kf8 27. Rd4 Ke7 28.
b3 e5 29. Rh4 h5 30. f4 Ke6 31. Kf2 b5 32. Kf3 bxc4 33. bxc4 f5 34. fxe5 dxe5 35.
Ke3 f4+ 36. Kd3 Kf5 37. g3 Rh7  0-1

[Event "Sampa Chess Open - Local Piso Superior (ao lado da Renner) às 19h00"]
[Site "Shopping Metrô Tatuapé - Rua Domingos Agostim, 91, São Paulo/SP 03306-010"]
[Date "2024.02.01"]
[Round "5"]
[Board "39"]
[White "Terra, Bruno De Oliveira"]
[Black "Mattos, Bernardo Cunha"]
[Result "0-1"]
[WhiteElo "1800"]
[BlackElo "1567"]
[PlyCount "86"]
[EventDate "2024.01.29"]
[EventRounds "9"]
[EventCountry "BRA"]

1. d4 d5 2. Bf4 c5 3. e3 Nc6 4. Nf3 Nf6 5. h3 Qb6 6. b3 Bf5 7. Be2 Qa5+ 8. Qd2 Qxd2+
9. Nbxd2 cxd4 10. Nxd4 Nxd4 11. exd4 Bxc2 12. Rc1 Bf5 13. Rc7 Rc8 14. Bb5+ Kd8 15.
Rxc8+ Bxc8 16. Ke2 a6 17. Bd3 e6 18. Rc1 Ne8 19. Nf3 f6 20. h4 Bd6 21. Be3 Bd7 22.
a4 Nc7 23. Bd2 Bc6 24. g4 Ke7 25. g5 e5 26. gxf6+ gxf6 27. dxe5 fxe5 28. Bg5+ Kf7
29. Nd2 e4 30. Nxe4 dxe4 31. Bc4+ Bd5 32. Rd1 Bxc4+ 33. bxc4 Ke6 34. Rb1 Rb8 35.
Ke3 Kf5 36. Rd1 Ne8 37. Rd5+ Kg6 38. Kxe4 Rc8 39. Kd4 b6 40. h5+ Kg7 41. Rf5 Bc5+
42. Ke5 h6 43. Bh4 Rc6  0-1

[Event "Sampa Chess Open - Local Piso Superior (ao lado da Renner) às 19h00"]
[Site "Shopping Metrô Tatuapé - Rua Domingos Agostim, 91, São Paulo/SP 03306-010"]
[Date "2024.02.01"]
[Round "5"]
[Board "40"]
[White "Alves, Josue Flor De Souza"]
[Black "Akamine, Isabelle Namie Nishimori"]
[Result "1-0"]
[WhiteElo "1551"]
[BlackElo "1800"]
[PlyCount "25"]
[EventDate "2024.01.29"]
[EventRounds "9"]
[EventCountry "BRA"]

1. e4 c5 2. d4 cxd4 3. c3 dxc3 4. Nxc3 d6 5. Bc4 Nf6 6. e5 dxe5 7. Bxf7+ Kxf7 8.
Qxd8 Nc6 9. Qd1 b6 10. Nf3 Bb7 11. Qb3+ Ke8 12. O-O g6 13. Re1  1-0

[Event "Sampa Chess Open - Local Piso Superior (ao lado da Renner) às 19h00"]
[Site "Shopping Metrô Tatuapé - Rua Domingos Agostim, 91, São Paulo/SP 03306-010"]
[Date "2024.02.01"]
[Round "5"]
[Board "43"]
[White "Jorge, Denrick Cabral Jose"]
[Black "Sulz, Isaque Sathler"]
[Result "1-0"]
[WhiteElo "1874"]
[BlackElo "1516"]
[PlyCount "101"]
[EventDate "2024.01.29"]
[EventRounds "9"]
[EventCountry "BRA"]

1. e4 c5 2. Nf3 g6 3. d4 cxd4 4. Nxd4 Nc6 5. Nc3 Bg7 6. Be3 Nf6 7. Nxc6 bxc6 8. e5
Nd5 9. Nxd5 cxd5 10. Qxd5 Rb8 11. O-O-O Bb7 12. Qd2 Bxe5 13. Bd4 Bxd4 14. Qxd4 O-O
15. Qxd7 Qb6 16. Qd4 Qa5 17. a3 Rfd8 18. Qg4 Rxd1+ 19. Qxd1 Rd8 20. Qe2 Rd6 21. c3
Re6 22. Qd2 Rd6 23. Qf4 g5 24. Qg4 Qd5 25. Bc4 Qd2+ 26. Kb1 Rb6 27. b3 h5 28. Qd4
Qxd4 29. cxd4 Bxg2 30. Re1 e6 31. Re5 f6 32. Bxe6+ Kg7 33. Re3 Kg6 34. Bc4 Rd6 35.
Re7 Rxd4 36. Bf7+ Kf5 37. Bxh5 Rh4 38. Bd1 Rxh2 39. Bc2+ Kf4 40. Rf7 Ke5 41. Rxa7
Bd5 42. Re7+ Kf4 43. Re2 Kf3 44. Rd2 Bf7 45. Bd1+ Kf4 46. b4 Rh1 47. Kb2 Ke5 48.
b5 Rh8 49. Bf3 f5 50. b6 Rb8 51. b7  1-0

[Event "Sampa Chess Open - Local Piso Superior (ao lado da Renner) às 19h00"]
[Site "Shopping Metrô Tatuapé - Rua Domingos Agostim, 91, São Paulo/SP 03306-010"]
[Date "2024.02.01"]
[Round "5"]
[Board "44"]
[White "Van Riemsdijk, Dirk D."]
[Black "Nicacio, Daniel Ramos"]
[Result "1-0"]
[WhiteElo "1789"]
[BlackElo "1479"]
[PlyCount "109"]
[EventDate "2024.01.29"]
[EventRounds "9"]
[EventCountry "BRA"]

1. e4 e5 2. f4 Nc6 3. Nf3 d6 4. Bc4 Be6 5. Bxe6 fxe6 6. fxe5 dxe5 7. d3 Nf6 8. Be3
Qd7 9. Nbd2 O-O-O 10. Nc4 Ng4 11. Bg1 Bd6 12. Qe2 h5 13. h3 Nh6 14. Bh2 Nf7 15. c3
g5 16. O-O-O g4 17. Nh4 Qe7 18. g3 Nh6 19. hxg4 Nxg4 20. Bg1 b5 21. Nxd6+ Qxd6 22.
Kb1 b4 23. d4 bxc3 24. Qa6+ Kb8 25. bxc3 Ne7 26. Qa4 Qc6 27. Qxc6 Nxc6 28. d5 exd5
29. exd5 Ne7 30. c4 Nc8 31. Kc2 Nd6 32. Rb1+ Ka8 33. Rb4 Rb8 34. Ra4 Rb7 35. Ng6
Rh7 36. c5 Rg7 37. c6 Rb5 38. Rxh5 Nf6 39. Nxe5 Nxh5 40. Bxa7 Rxd5 41. Nd7 Rxd7 42.
cxd7 Nf7 43. g4 Kb7 44. gxh5 Rxh5 45. Rf4 Rd5 46. Rxf7 Kxa7 47. Kc3 Kb7 48. Kc4 Rd6
49. Kc5 Rd1 50. a4 Rd2 51. a5 Rd6 52. a6+ Kxa6 53. Rf6 Rxf6 54. d8=Q Rf1 55. Qd3+
 1-0

[Event "Sampa Chess Open - Local Piso Superior (ao lado da Renner) às 19h00"]
[Site "Shopping Metrô Tatuapé - Rua Domingos Agostim, 91, São Paulo/SP 03306-010"]
[Date "2024.02.01"]
[Round "5"]
[Board "45"]
[White "Brujin, Homero"]
[Black "Desideri, Ricardo Maruchi"]
[Result "0-1"]
[WhiteElo "1479"]
[BlackElo "1959"]
[PlyCount "76"]
[EventDate "2024.01.29"]
[EventRounds "9"]
[EventCountry "BRA"]

1. d4 Nf6 2. Nf3 g6 3. g3 Bg7 4. Bg2 O-O 5. O-O d5 6. c3 c5 7. dxc5 Nbd7 8. Nbd2
Nxc5 9. Re1 Re8 10. Nb3 Ncd7 11. Nfd2 Nb6 12. e4 e5 13. exd5 Nbxd5 14. Nc4 e4 15.
Qc2 Bf5 16. Ne3 Nxe3 17. Bxe3 Ng4 18. Qd2 Nxe3 19. Qxe3 Kh8 20. Nd2 Qd3 21. Qxd3
exd3 22. f4 Bf8 23. Be4 Bc5+ 24. Kh1 Bg4 25. Bf3 Bf5 26. g4 Bd7 27. h3 Be3 28. Nc4
Bxf4 29. Re4 Rxe4 30. Bxe4 Bc6 31. Bxc6 bxc6 32. Rf1 d2 33. Rd1 Re8 34. Nxd2 Rd8
35. Kg2 Rxd2+ 36. Rxd2 Bxd2 37. Kf3 Kg7 38. Ke4 Kf6  0-1

[Event "Sampa Chess Open - Local Piso Superior (ao lado da Renner) às 19h00"]
[Site "Shopping Metrô Tatuapé - Rua Domingos Agostim, 91, São Paulo/SP 03306-010"]
[Date "2024.02.01"]
[Round "5"]
[Board "49"]
[White "Nunes, Rafael Klanfer"]
[Black "Dionisio, Alex Monteiro"]
[Result "1-0"]
[WhiteElo "1789"]
[BlackElo "1514"]
[PlyCount "87"]
[EventDate "2024.01.29"]
[EventRounds "9"]
[EventCountry "BRA"]

1. e4 c5 2. Nf3 d6 3. Bc4 e6 4. d3 Nf6 5. O-O a6 6. Nbd2 Be7 7. c3 b5 8. Bb3 Bb7
9. Re1 O-O 10. d4 cxd4 11. cxd4 Nbd7 12. Bc2 Rc8 13. Nf1 Qc7 14. Re2 Rfe8 15. Bd3
Bf8 16. Ng3 g6 17. h3 Bg7 18. Be3 Qb8 19. Rc1 Rxc1 20. Qxc1 Rc8 21. Rc2 e5 22. d5
Rxc2 23. Qxc2 Qc8 24. Nd2 Nc5 25. Be2 Na4 26. Qb1 h5 27. Bd1 h4 28. Ne2 Nd7 29. Bxa4
bxa4 30. Qc1 Qxc1+ 31. Nxc1 f5 32. f3 Kf7 33. Nc4 Bf8 34. Ne2 fxe4 35. fxe4 Nf6 36.
Nc3 Nxe4 37. Nxe4 Bxd5 38. Ng5+ Ke8 39. b3 Be7 40. Nf3 axb3 41. axb3 Kf7 42. Kf2
Ke6 43. Bg5 Bxf3 44. Bxe7  1-0

[Event "Sampa Chess Open - Local Piso Superior (ao lado da Renner) às 19h00"]
[Site "Shopping Metrô Tatuapé - Rua Domingos Agostim, 91, São Paulo/SP 03306-010"]
[Date "2024.02.01"]
[Round "5"]
[Board "53"]
[White "Leon Lopes, Sergio Amadeus"]
[Black "Leal, Alexandre Garcia"]
[Result "1-0"]
[WhiteElo "1858"]
[BlackElo "1899"]
[PlyCount "41"]
[EventDate "2024.01.29"]
[EventRounds "9"]
[EventCountry "BRA"]

1. c4 Nf6 2. Nc3 e6 3. Nf3 d5 4. e3 Be7 5. b3 O-O 6. d4 c5 7. cxd5 Nxd5 8. Nxd5 exd5
9. Bd3 Bg4 10. dxc5 Bxc5 11. O-O Nc6 12. Bb2 d4 13. Qc2 dxe3 14. Bxh7+ Kh8 15. Qxc5
exf2+ 16. Rxf2 Kxh7 17. Qc3 f6 18. Nh4 Qd5 19. Qg3 Ne5 20. Raf1 Rad8 21. Bxe5  1-0

[Event "Sampa Chess Open - Local Piso Superior (ao lado da Renner) às 19h00"]
[Site "Shopping Metrô Tatuapé - Rua Domingos Agostim, 91, São Paulo/SP 03306-010"]
[Date "2024.02.01"]
[Round "5"]
[Board "55"]
[White "De Oliveira, Lucas Silva"]
[Black "Fernandez Barrero, Javier"]
[Result "0-1"]
[WhiteElo "1800"]
[BlackElo "1743"]
[PlyCount "80"]
[EventDate "2024.01.29"]
[EventRounds "9"]
[EventCountry "BRA"]

1. d4 Nf6 2. c4 g6 3. Nf3 Bg7 4. g3 O-O 5. Bg2 d6 6. O-O c5 7. d5 e5 8. Nc3 Ne8 9.
e4 f5 10. Qb3 f4 11. Bd2 g5 12. Ne1 h5 13. f3 b6 14. a4 a5 15. Ne2 Ra7 16. Ra3 Bh6
17. Qc2 Na6 18. Nd3 Nb4 19. Nxb4 axb4 20. Rd3 Bd7 21. b3 Qc8 22. Qc1 Bh3 23. Rf2
Rg7 24. Kh1 Kh7 25. Ng1 Bxg2+ 26. Rxg2 Nf6 27. Ne2 Rfg8 28. Kg1 g4 29. Kh1 gxf3 30.
Rxf3 Nxe4 31. Qc2 Qf5 32. Kg1 Kh8 33. Bxf4 exf4 34. Nxf4 Bxf4 35. Rxf4 Qxf4 36. gxf4
Rxg2+ 37. Qxg2 Rxg2+ 38. Kxg2 Nd2 39. Kg3 Nxb3 40. Kh4 Nd4  0-1